000
00300nam a2200145Ia 4500
100
_a
Sharma/P.C
942
_c
BK
366
_f
12.5
654
_a
production
245
_a
Text Book Of Production Engineering
260
_b
S.Chand & Co.
_c
1982
300
_a
983
546
_a
ENGLISH
999
_c
21457
_d
21457